| 000 | 00489nam a2200169 i 4500 | ||
|---|---|---|---|
| 001 | 42864 | ||
| 003 | ES-MaACL | ||
| 005 | 20230906160707.0 | ||
| 007 | t| | ||
| 008 | 030314s1876 fr ||||1| fre d | ||
| 100 | 1 |
_aCernuschi, Henri. _937540 |
|
| 245 | 1 | 3 |
_aLa monnaie bimétallique / _cHenri Cernuschi. |
| 260 |
_aParis : _b[s.n., _c1876] |
||
| 500 | _aArticles publiés dans Le Siècle en 1875. | ||
| 650 | 4 |
_aBimetalismo. _9149131 |
|
| 852 |
_aES-MaACL _jT-1284-F-8 |
||
| 999 |
_c42864 _d42864 |
||